[Event "17. Europa ch Juvenil - Masculino s18"]
[Site "Sibenik CRO"]
[Date "2007.09.20"]
[Round "7.1"]
[White "Saric, Ivan"]
[Black "Kravtsiv, Martyn"]
[Result "1/2-1/2"]
[WhiteElo "2442"]
[BlackElo "2492"]
[PlyCount "127"]
[EventDate "2007.09.14"]
[EventType "swiss"]
[EventRounds "9"]
[EventCountry "CRO"]
[Source "lmi"]
[SourceDate "2007.09.14"]

1. e4 e6 2. d4 d5 3. Nc3 Bb4 4. e5 c5 5. a3 Bxc3+ 6. bxc3 Ne7 7. Qg4 Qc7 8.
Qxg7 Rg8 9. Qxh7 cxd4 10. Ne2 Nbc6 11. f4 Bd7 12. Qd3 dxc3 13. Nxc3 O-O-O 14.
Nb5 Nxe5 15. Nxc7 Nxd3+ 16. Bxd3 Kxc7 17. g3 d4 18. Bd2 Nd5 19. Rg1 Nf6 20. Bb4
Ng4 21. h3 Ne3 22. Be7 Rde8 23. Bf6 e5 24. Bxe5+ Kc8 25. Kd2 Bxh3 26. Bxd4 Nf5
27. Bf2 Nd6 28. Rae1 Rxe1 29. Rxe1 Kd7 30. Re5 Be6 31. Rg5 Rc8 32. Rc5 Rh8 33.
f5 Ba2 34. Bd4 Rh2+ 35. Kc3 Rg2 36. Kb2 b6 37. Rc3 Bd5 38. Be5 Rg1 39. Ba6 Be4
40. Bd3 Bd5 41. a4 Bc6 42. Ra3 Re1 43. Bf4 Be4 44. g4 Bd5 45. Ra1 Rxa1 46. Kxa1
f6 47. Kb2 Bc6 48. Kb3 Bd5+ 49. Kb4 a5+ 50. Kc3 Bf3 51. Be3 Kc7 52. g5 fxg5 53.
Kd4 Bc6 54. Bxg5 Bxa4 55. Bf4 Kd7 56. Ke5 Bb5 57. Bxb5+ Nxb5 58. Kd5 a4 59. Be5
a3 60. f6 a2 61. Kc4 Nd6+ 62. Kb3 Ke6 63. Bd4 Ne4 64. Kxa2 1/2-1/2

[Event "17. Europa ch Juvenil - Masculino s18"]
[Site "Sibenik CRO"]
[Date "2007.09.20"]
[Round "7.2"]
[White "Rakhmanov, Aleksandr"]
[Black "Levin, Evgeny"]
[Result "1/2-1/2"]
[WhiteElo "2489"]
[BlackElo "2421"]
[PlyCount "103"]
[EventDate "2007.09.14"]
[EventType "swiss"]
[EventRounds "9"]
[EventCountry "CRO"]
[Source "lmi"]
[SourceDate "2007.09.14"]

1. d4 Nf6 2. c4 e6 3. Nf3 b6 4. a3 Bb7 5. Nc3 d5 6. cxd5 Nxd5 7. Qc2 Nxc3 8.
bxc3 c5 9. e4 Nc6 10. Bd3 Be7 11. Bb2 O-O 12. O-O Na5 13. Qe2 Rc8 14. Rad1 Qc7
15. h4 cxd4 16. cxd4 Nc4 17. Rc1 b5 18. Ne5 Bxh4 19. Nxc4 bxc4 20. Bxc4 Qb6 21.
Bd3 Bf6 22. Rb1 Ba8 23. Ba1 Qa5 24. Rb3 Rfd8 25. Qe3 Rb8 26. Rfb1 Rxb3 27. Rxb3
h6 28. Bb2 Bg5 29. Qe2 Bf6 30. Qe3 Bg5 31. Qe2 Bf6 32. Rb4 Be7 33. Rb5 Qa4 34.
Qc2 Qxc2 35. Bxc2 Rc8 36. Bd3 Bd8 37. Kf1 Bb6 38. Ke2 Rd8 39. Rb4 Bc6 40. f4
Kf8 41. g3 Ke7 42. a4 Kd7 43. Rc4 g6 44. g4 Bc7 45. Bc1 Rb8 46. f5 gxf5 47.
gxf5 h5 48. fxe6+ fxe6 49. Rc5 Rb4 50. Rxh5 Rxd4 51. Rh7+ Kc8 52. Ba6+ 1/2-1/2

[Event "17. Europa ch Juvenil - Masculino s18"]
[Site "Sibenik CRO"]
[Date "2007.09.20"]
[Round "7.3"]
[White "Zhigalko, Sergei"]
[Black "Can, Emre"]
[Result "0-1"]
[WhiteElo "2560"]
[BlackElo "2411"]
[PlyCount "88"]
[EventDate "2007.09.14"]
[EventType "swiss"]
[EventRounds "9"]
[EventCountry "CRO"]
[Source "lmi"]
[SourceDate "2007.09.14"]

1. e4 c5 2. Nf3 d6 3. d4 cxd4 4. Qxd4 Nc6 5. Bb5 Bd7 6. Bxc6 Bxc6 7. Nc3 Nf6 8.
Bg5 e6 9. O-O-O Be7 10. Qd3 Qa5 11. h4 O-O 12. Nd4 Rac8 13. f3 a6 14. Kb1 b5
15. Nce2 Bb7 16. g4 b4 17. Ng3 Qc7 18. Qd2 Rfd8 19. Rhg1 a5 20. Rg2 Ne8 21.
Bxe7 Qxe7 22. g5 Rc5 23. Nf1 Qc7 24. h5 Rb8 25. Ne3 a4 26. Ng4 Kf8 27. Rh1 Ke7
28. Ne3 Qa5 29. Rd1 Kf8 30. g6 Rxh5 31. gxf7 Kxf7 32. Nc4 Qc5 33. Qf4+ Ke7 34.
Ne3 Qe5 35. Qg4 g6 36. Nc4 Qf6 37. Rgd2 Rc8 38. e5 dxe5 39. Nb5 Bxf3 40. Rd7+
Kf8 41. Qg1 Bxd1 42. Ncd6 Bxc2+ 43. Ka1 Nxd6 44. Nxd6 Rd8 0-1

[Event "17. Europa ch Juvenil - Masculino s18"]
[Site "Sibenik CRO"]
[Date "2007.09.20"]
[Round "7.4"]
[White "Bindrich, Falko"]
[Black "Olszewski, Michal"]
[Result "0-1"]
[WhiteElo "2504"]
[BlackElo "2409"]
[PlyCount "124"]
[EventDate "2007.09.14"]
[EventType "swiss"]
[EventRounds "9"]
[EventCountry "CRO"]
[Source "lmi"]
[SourceDate "2007.09.14"]

1. d4 Nf6 2. Nf3 c5 3. e3 e6 4. c4 b6 5. Nc3 Bb7 6. Bd3 cxd4 7. exd4 d5 8. O-O
Be7 9. Re1 O-O 10. Bg5 Nbd7 11. Qe2 Re8 12. Rad1 Nf8 13. Ne5 dxc4 14. Bxc4 Nd5
15. Bd2 Nxc3 16. Bxc3 Bf6 17. Ng4 Bd5 18. Bb5 Re7 19. Nxf6+ gxf6 20. h4 Kh8 21.
h5 Rc7 22. Qe3 f5 23. Qf4 f6 24. Be2 Rg7 25. Bf3 Qd7 26. Rd3 a5 27. Rde3 Rd8
28. b3 Rc8 29. Bb2 b5 30. Rc3 Rxc3 31. Bxc3 Qc6 32. Bxd5 Qxd5 33. f3 b4 34. Bd2
Kg8 35. Rc1 e5 36. dxe5 fxe5 37. Qc4 Rd7 38. Bh6 Ne6 39. Qxd5 Rxd5 40. Rc8+ Kf7
41. Rh8 f4 42. Rxh7+ Kf6 43. g4 Rd1+ 44. Kf2 Rd2+ 45. Ke1 Rxa2 46. Ra7 Nd4 47.
g5+ Kf5 48. g6 Nxf3+ 49. Kd1 Ra1+ 50. Kc2 Nd4+ 51. Kd3 Rd1+ 52. Kc4 Rg1 53.
Rxa5 Ne6 54. Kxb4 f3 55. Be3 Rg4+ 56. Kc3 Nf4 57. Bxf4 Kxf4 58. Kd2 Rg2+ 59.
Ke1 e4 60. Ra4 Ke3 61. Kf1 Rh2 62. Kg1 Rxh5 0-1

[Event "17. Europa ch Juvenil - Masculino s18"]
[Site "Sibenik CRO"]
[Date "2007.09.20"]
[Round "7.5"]
[White "Grigoryan, Avetik"]
[Black "Tereick, Benjamin"]
[Result "1-0"]
[WhiteElo "2489"]
[BlackElo "2404"]
[PlyCount "121"]
[EventDate "2007.09.14"]
[EventType "swiss"]
[EventRounds "9"]
[EventCountry "CRO"]
[Source "lmi"]
[SourceDate "2007.09.14"]

1. d4 e6 2. c4 Bb4+ 3. Nd2 b6 4. a3 Bxd2+ 5. Qxd2 Nf6 6. e3 Bb7 7. Ne2 O-O 8.
Nc3 d5 9. cxd5 exd5 10. b4 c5 11. bxc5 bxc5 12. dxc5 Nbd7 13. Rb1 Nxc5 14. Be2
Nfe4 15. Nxe4 dxe4 16. O-O Ba6 17. Bxa6 Nxa6 18. Rb5 Qe7 19. Qa5 Qd6 20. Bb2
Rfc8 21. Be5 Qe6 22. h3 f6 23. Bg3 Qc6 24. Rd1 Nc7 25. Rc5 Qa6 26. Qb4 Ne6 27.
Rxc8+ Rxc8 28. Qxe4 Qc6 29. Qxc6 Rxc6 30. Rd7 a6 31. Rd6 Rxd6 32. Bxd6 Kf7 33.
Kf1 Ke8 34. Ke2 Kd7 35. Bb4 Kc6 36. Kd3 f5 37. Kc4 f4 38. Be7 Kd7 39. Bc5 f3
40. gxf3 Ng5 41. h4 Nxf3 42. h5 Ne5+ 43. Kd5 Ng4 44. Bd4 g6 45. hxg6 hxg6 46.
e4 Nh6 47. e5 Nf5 48. e6+ Ke7 49. Bc5+ Kf6 50. a4 g5 51. f3 Nh4 52. Kd6 Nxf3
53. Bb4 Nh4 54. Bc3+ Kg6 55. e7 Nf5+ 56. Kd7 Nxe7 57. Kxe7 Kf5 58. Kd6 g4 59.
Kc6 Ke6 60. Be1 Ke7 61. a5 1-0

[Event "17. Europa ch Juvenil - Masculino s18"]
[Site "Sibenik CRO"]
[Date "2007.09.20"]
[Round "7.6"]
[White "Edouard, Romain"]
[Black "Hayrapetian, Ovik"]
[Result "1-0"]
[WhiteElo "2483"]
[BlackElo "2336"]
[PlyCount "75"]
[EventDate "2007.09.14"]
[EventType "swiss"]
[EventRounds "9"]
[EventCountry "CRO"]
[Source "lmi"]
[SourceDate "2007.09.14"]

1. e4 c5 2. Nf3 e6 3. d4 cxd4 4. Nxd4 a6 5. Bd3 Nc6 6. Nxc6 dxc6 7. O-O e5 8.
a4 Nf6 9. a5 Bc5 10. Nd2 Bg4 11. Be2 Be6 12. c3 O-O 13. Qc2 Qc7 14. h3 Rad8 15.
b4 Ba7 16. Ra3 h6 17. c4 Bd4 18. c5 Qe7 19. Rd1 Nh7 20. Nf3 f5 21. Nxd4 Rxd4
22. Rxd4 exd4 23. Rf3 Qd7 24. exf5 Bxf5 25. Rxf5 Rxf5 26. Bd3 g6 27. Bxf5 gxf5
28. Qc4+ Kg7 29. Bb2 Ng5 30. Bxd4+ Kh7 31. Be3 Ne6 32. g4 Ng7 33. Qf4 Qe6 34.
Bd4 Qe7 35. gxf5 Qd7 36. Qd6 Qxf5 37. Qc7 Qb1+ 38. Kh2 1-0

[Event "17. Europa ch Juvenil - Masculino s18"]
[Site "Sibenik CRO"]
[Date "2007.09.20"]
[Round "7.8"]
[White "Mozharov, Mikhail"]
[Black "Potapov, Pavel"]
[Result "1-0"]
[WhiteElo "2424"]
[BlackElo "2386"]
[PlyCount "107"]
[EventDate "2007.09.14"]
[EventType "swiss"]
[EventRounds "9"]
[EventCountry "CRO"]
[Source "lmi"]
[SourceDate "2007.09.14"]

1. Nf3 f5 2. d3 d6 3. e4 e5 4. Nc3 c5 5. g3 Nc6 6. Nh4 fxe4 7. dxe4 Nf6 8. Bc4
Bg4 9. f3 Bh3 10. Bg5 Be7 11. Nf5 Bxf5 12. exf5 Nd4 13. Bxf6 Bxf6 14. Be6 g6
15. Qd3 c4 16. Bxc4 Nxf5 17. Ne4 Be7 18. Qd5 Qb6 19. Qf7+ Kd8 20. O-O-O Rf8 21.
Qe6 Rc8 22. c3 Rc6 23. Bd5 Rc7 24. Bb3 Nd4 25. Qd5 Qc6 26. Qxc6 Rxc6 27. Bd5
Rc7 28. f4 Kc8 29. Rhf1 Kb8 30. Kd2 Nf5 31. g4 Nh4 32. fxe5 dxe5 33. Rxf8+ Bxf8
34. Rf1 Bh6+ 35. g5 Bg7 36. Kd3 h6 37. gxh6 Bxh6 38. Rf6 Ng2 39. Nd6 Bg7 40.
Rf7 Rxf7 41. Bxf7 Bh6 42. Bd5 Ne3 43. Bxb7 Kc7 44. Nf7 Bf4 45. Bf3 Nf5 46. h3
Kd7 47. Nh8 Ke6 48. Nxg6 Bh6 49. Bg4 Kf6 50. Bxf5 Kxf5 51. Ne7+ Kf4 52. Nd5+
Kf3 53. Nf6 Kg3 54. c4 1-0

[Event "17. Europa ch Juvenil - Masculino s18"]
[Site "Sibenik CRO"]
[Date "2007.09.20"]
[Round "7.9"]
[White "Llorente Zaro, Alfonso"]
[Black "Delorme, Axel"]
[Result "1-0"]
[WhiteElo "2422"]
[BlackElo "2317"]
[PlyCount "89"]
[EventDate "2007.09.14"]
[EventType "swiss"]
[EventRounds "9"]
[EventCountry "CRO"]
[Source "lmi"]
[SourceDate "2007.09.14"]

1. d4 d5 2. c4 c6 3. Nf3 Nf6 4. e3 Bg4 5. Nc3 e6 6. h3 Bxf3 7. Qxf3 Nbd7 8. Bd2
Bb4 9. Bd3 O-O 10. a3 Ba5 11. b4 Bc7 12. b5 Ba5 13. Qe2 e5 14. dxe5 Nxe5 15.
cxd5 cxd5 16. f4 d4 17. fxe5 dxc3 18. O-O Nd7 19. e6 fxe6 20. Rxf8+ Qxf8 21.
Rf1 Nf6 22. Be1 Qd6 23. Bh4 Bc7 24. Rxf6 gxf6 25. Qg4+ Kf8 26. Bxh7 Ke8 27.
Bxf6 Bd8 28. Bxc3 Kd7 29. Qg7+ Qe7 30. Qd4+ Qd6 31. Be4 Qxd4 32. Bxd4 Bb6 33.
Bxb7 Rf8 34. Bxb6 axb6 35. g4 Ke7 36. Kg2 Kf6 37. h4 Ke5 38. g5 Kf5 39. Kf3
Kg6+ 40. Kg4 Rf1 41. h5+ Kf7 42. Be4 Rg1+ 43. Kf4 Ke7 44. h6 Kf7 45. Bh7 1-0

[Event "17. Europa ch Juvenil - Masculino s18"]
[Site "Sibenik CRO"]
[Date "2007.09.20"]
[Round "7.10"]
[White "Martemianov, Iaroslav"]
[Black "Ronchetti, Niccolo"]
[Result "0-1"]
[WhiteElo "2333"]
[BlackElo "2410"]
[PlyCount "182"]
[EventDate "2007.09.14"]
[EventType "swiss"]
[EventRounds "9"]
[EventCountry "CRO"]
[Source "lmi"]
[SourceDate "2007.09.14"]

1. e4 c5 2. Nf3 Nc6 3. d4 cxd4 4. Nxd4 g6 5. Nc3 Bg7 6. Be3 Nf6 7. Be2 O-O 8.
O-O d5 9. exd5 Nb4 10. d6 Qxd6 11. Ndb5 Qb8 12. Bc5 Nc6 13. Bf3 Bf5 14. Qe2 Re8
15. Rad1 a6 16. Na3 Ne5 17. Nd5 Nxd5 18. Bxd5 Qc7 19. Bd4 Rad8 20. Bxe5 Bxe5
21. Qf3 Bxb2 22. Bxf7+ Kxf7 23. Qb3+ e6 24. Qxb2 b5 25. h3 Be4 26. c3 Rc8 27.
Rfe1 Bd5 28. Re3 Qc6 29. Rg3 Red8 30. Nc2 Qc4 31. a3 Bb7 32. Qc1 Rxd1+ 33. Qxd1
Qd5 34. Qg4 Qe4 35. Rf3+ Kg8 36. Rf4 Qe5 37. Nd4 Bd5 38. Nf3 Qh5 39. Qg3 Rxc3
40. Rh4 Qf5 41. Qb8+ Qf8 42. Qe5 Rc4 43. Rxc4 bxc4 44. Nd4 Qc8 45. Ne2 Kf7 46.
Nc3 Qa8 47. f3 Qd8 48. Qe3 Qe7 49. Qd4 Qg5 50. Kh1 Kg8 51. Kh2 Qf5 52. Kg1 g5
53. Qd2 Qf4 54. Qe1 Kf7 55. Kh1 Kf6 56. Qc1 Qe5 57. Qb2 Kf7 58. Qd2 Qf4 59. Qe1
h6 60. Kg1 Qd4+ 61. Kh1 h5 62. Kh2 Bc6 63. Kh1 Kf6 64. Qa1 Kf5 65. Qb2 a5 66.
Kh2 Kg6 67. Kh1 Kf7 68. Kh2 Ke7 69. Kh1 Qe5 70. Qd2 Qf4 71. Qb2 Qe3 72. Kh2
Qe5+ 73. Kh1 Qe1+ 74. Kh2 g4 75. fxg4 hxg4 76. hxg4 Qh4+ 77. Kg1 Qxg4 78. Qf2
Bxg2 79. Qxg2 Qd4+ 80. Qf2 Qxc3 81. Qc5+ Kf7 82. Qh5+ Kf8 83. Qc5+ Kg8 84. Qc8+
Kf7 85. Qd7+ Kf6 86. Qd8+ Kf5 87. Qf8+ Ke4 88. Qa8+ Ke3 89. Kg2 Qg7+ 90. Kh3
Qh6+ 91. Kg2 Qg5+ 0-1

[Event "17. Europa ch Juvenil - Masculino s18"]
[Site "Sibenik CRO"]
[Date "2007.09.20"]
[Round "7.11"]
[White "Brzeski, Maciej"]
[Black "Vila Gazquez, Xavier"]
[Result "1/2-1/2"]
[WhiteElo "2356"]
[BlackElo "2429"]
[PlyCount "95"]
[EventDate "2007.09.14"]
[EventType "swiss"]
[EventRounds "9"]
[EventCountry "CRO"]
[Source "lmi"]
[SourceDate "2007.09.14"]

1. e4 e5 2. Nf3 Nc6 3. Bb5 Nd4 4. Nxd4 exd4 5. O-O c6 6. Bc4 Nf6 7. Qe2 d6 8.
c3 Be7 9. Bb3 dxc3 10. Nxc3 Be6 11. Bc2 Qb6 12. Na4 Qb5 13. Qxb5 cxb5 14. Nc3
b4 15. Nd1 O-O 16. Ne3 Rfc8 17. d4 a5 18. Bd3 Ne8 19. f4 Bd8 20. Rd1 Bb6 21.
Bb5 Nf6 22. f5 Bd7 23. Nc4 Bc7 24. Bxd7 Nxd7 25. Bg5 f6 26. Bh4 d5 27. exd5 Bf4
28. b3 h5 29. h3 b5 30. Nd2 Rc2 31. Nf1 Nb6 32. d6 Bxd6 33. Ne3 Rc3 34. Bf2 Re8
35. Re1 Bf4 36. Nf1 Rxe1 37. Rxe1 Nd5 38. Re8+ Kf7 39. Rd8 Ne7 40. Rd7 Ke8 41.
Rb7 a4 42. g3 Bd6 43. Nd2 Nxf5 44. Rxb5 axb3 45. axb3 Nh6 46. Ne4 Rc1+ 47. Kg2
Be7 48. Nc5 1/2-1/2

[Event "17. Europa ch Juvenil - Masculino s18"]
[Site "Sibenik CRO"]
[Date "2007.09.20"]
[Round "7.12"]
[White "Baryshpolets, Andrey"]
[Black "Nestorovic, Nikola"]
[Result "0-1"]
[WhiteElo "2307"]
[BlackElo "2424"]
[PlyCount "90"]
[EventDate "2007.09.14"]
[EventType "swiss"]
[EventRounds "9"]
[EventCountry "CRO"]
[Source "lmi"]
[SourceDate "2007.09.14"]

1. d4 Nf6 2. c4 e6 3. g3 Bb4+ 4. Bd2 Qe7 5. Bg2 Nc6 6. e3 Bxd2+ 7. Qxd2 d6 8.
Nc3 e5 9. d5 Nb8 10. Nge2 O-O 11. O-O a5 12. f4 Na6 13. e4 Nc5 14. f5 Bd7 15.
Bf3 h6 16. h4 Rab8 17. Rf2 b5 18. cxb5 Bxb5 19. g4 Nh7 20. Rh2 Bxe2 21. Qxe2 a4
22. Qc4 Qd7 23. Re1 Rb7 24. Bd1 Ra8 25. Re3 Qe8 26. g5 Rab8 27. gxh6 gxh6 28.
Bxa4 Qe7 29. b3 Kh8 30. Rg3 Nf6 31. Qe2 Rb4 32. Qe3 Qf8 33. Rhg2 Ncxe4 34. Nxe4
Rxe4 35. Qc1 Rbb4 36. Qxc7 Re1+ 37. Kf2 Rd1 38. Ke2 Rbd4 39. Qc6 R4d2+ 40. Kf3
Rd3+ 41. Ke2 R3d2+ 42. Ke3 Nxd5+ 43. Ke4 Rd4+ 44. Kf3 e4+ 45. Kg4 Qg7+ 0-1

[Event "17. Europa ch Juvenil - Masculino s18"]
[Site "Sibenik CRO"]
[Date "2007.09.20"]
[Round "7.13"]
[White "Figura, Atila Gajo"]
[Black "Szekeres, Robert"]
[Result "1-0"]
[WhiteElo "2413"]
[BlackElo "2209"]
[PlyCount "80"]
[EventDate "2007.09.14"]
[EventType "swiss"]
[EventRounds "9"]
[EventCountry "CRO"]
[Source "lmi"]
[SourceDate "2007.09.14"]

1. d4 Nf6 2. Nf3 e6 3. Bg5 c5 4. e3 h6 5. Bh4 b6 6. Bd3 cxd4 7. exd4 Be7 8.
Bxf6 Bxf6 9. Nbd2 Bb7 10. Qe2 d6 11. c3 Nd7 12. g4 h5 13. gxh5 Rxh5 14. Rg1 Qc7
15. Ne4 O-O-O 16. Nfg5 Bxe4 17. Ba6+ Kb8 18. Qxh5 Bg6 19. Qe2 e5 20. Bd3 Bxd3
21. Qxd3 exd4 22. cxd4 Qc6 23. Nf3 Qd5 24. Qb3 Re8+ 25. Kf1 Qh5 26. Rg3 Re4 27.
Rc1 Bxd4 28. Qc2 Qb5+ 29. Qc4 Qc5 30. b4 b5 31. bxc5 bxc4 32. Rxc4 dxc5 33.
Nxd4 cxd4 34. Rb3+ Nb6 35. a4 Re5 36. Rxd4 Kc7 37. Rc3+ Kb7 38. Rf4 f6 39. Rg3
g5 40. Rxf6 Nd5 1-0

[Event "17. Europa ch Juvenil - Masculino s18"]
[Site "Sibenik CRO"]
[Date "2007.09.20"]
[Round "7.14"]
[White "Matsenko, Sergei"]
[Black "Hrabusa, Matej"]
[Result "1/2-1/2"]
[WhiteElo "2406"]
[BlackElo "2277"]
[PlyCount "55"]
[EventDate "2007.09.14"]
[EventType "swiss"]
[EventRounds "9"]
[EventCountry "CRO"]
[Source "lmi"]
[SourceDate "2007.09.14"]

1. e4 c5 2. Nf3 d6 3. d4 cxd4 4. Nxd4 Nf6 5. Nc3 a6 6. Be2 e6 7. O-O Be7 8. f4
O-O 9. a4 Nc6 10. Be3 Qc7 11. Kh1 Re8 12. Bd3 Nb4 13. a5 Bd7 14. Qf3 Bf8 15.
Nb3 Bc6 16. Bb6 Qc8 17. Nd4 Nd7 18. Nxc6 Qxc6 19. Bg1 g6 20. Ra4 Nxd3 21. cxd3
b5 22. axb6 Nxb6 23. Ra5 Nd7 24. Qe2 Reb8 25. Rfa1 Rb3 26. d4 Qb7 27. R1a2 Rb8
28. Rxa6 1/2-1/2

[Event "17. Europa ch Juvenil - Masculino s18"]
[Site "Sibenik CRO"]
[Date "2007.09.20"]
[Round "7.15"]
[White "Jafarli, Alizamin"]
[Black "Rombaldoni, Denis"]
[Result "0-1"]
[WhiteElo "2174"]
[BlackElo "2383"]
[PlyCount "88"]
[EventDate "2007.09.14"]
[EventType "swiss"]
[EventRounds "9"]
[EventCountry "CRO"]
[Source "lmi"]
[SourceDate "2007.09.14"]

1. e4 c5 2. Nc3 Nc6 3. g3 Rb8 4. Bg2 b5 5. d3 b4 6. Nd5 e6 7. Ne3 g6 8. Ne2 Bg7
9. f4 Nge7 10. O-O d5 11. f5 exf5 12. exd5 Nd4 13. c4 bxc3 14. Nxc3 O-O 15. Nc4
Ba6 16. Bf4 Bxc4 17. Bxb8 Nxd5 18. Bf4 Nxf4 19. dxc4 Nxg2 20. Kxg2 Qe7 21. Qd2
Qe6 22. Qd3 Rd8 23. Rae1 Qb6 24. Rf2 Qa6 25. b3 Ne6 26. Nd5 Bd4 27. Rd2 Kg7 28.
Kh1 Ng5 29. Kg2 Qc6 30. Kf1 Ne6 31. h4 h5 32. Kg2 Bf6 33. Kh1 Rd7 34. Qf3 Nd4
35. Qg2 a5 36. Nxf6 Qxf6 37. Qa8 f4 38. Re8 fxg3 39. Kg2 Qxh4 40. Rg8+ Kf6 41.
Kg1 Ne2+ 42. Rxe2 Rd1+ 43. Kg2 Qh2+ 44. Kf3 Rd3+ 0-1

[Event "17. Europa ch Juvenil - Masculino s18"]
[Site "Sibenik CRO"]
[Date "2007.09.20"]
[Round "7.17"]
[White "Brunello, Sabino"]
[Black "Beck, Frederik"]
[Result "1/2-1/2"]
[WhiteElo "2475"]
[BlackElo "2292"]
[PlyCount "93"]
[EventDate "2007.09.14"]
[EventType "swiss"]
[EventRounds "9"]
[EventCountry "CRO"]
[Source "lmi"]
[SourceDate "2007.09.14"]

1. e4 c5 2. Nf3 e6 3. d4 cxd4 4. Nxd4 a6 5. Nc3 Qc7 6. Bd3 Nc6 7. Nxc6 bxc6 8.
O-O d5 9. Qf3 Bd6 10. h3 Nf6 11. Bg5 Be5 12. Rae1 O-O 13. Na4 h6 14. Bc1 Nd7
15. c4 dxc4 16. Bxc4 c5 17. b3 Bb7 18. Be3 Bd4 19. Qe2 Bc6 20. Nb2 Bc3 21. Rc1
Bxb2 22. Qxb2 Bxe4 23. Rfe1 Qb7 24. Bf1 Rfc8 25. Rc4 f5 26. Rec1 Bd5 27. R4c3
Qb4 28. Bc4 Kh7 29. Bxd5 exd5 30. Qc2 Qe4 31. Qxe4 dxe4 32. Bxc5 Nxc5 33. Rxc5
Rxc5 34. Rxc5 Kg6 35. Ra5 Kg5 36. g3 g6 37. Rc5 Rb8 38. Rc6 a5 39. Kg2 a4 40.
h4+ Kh5 41. Kh3 axb3 42. Rc5 g5 43. axb3 Kg6 44. Rc6+ Kh5 45. Rf6 gxh4 46.
Rxf5+ Kg6 47. Rf4 1/2-1/2

[Event "17. Europa ch Juvenil - Masculino s18"]
[Site "Sibenik CRO"]
[Date "2007.09.20"]
[Round "7.18"]
[White "Krivoborodov, Egor"]
[Black "Mustaps, Matiss"]
[Result "1-0"]
[WhiteElo "2403"]
[BlackElo "2226"]
[PlyCount "85"]
[EventDate "2007.09.14"]
[EventType "swiss"]
[EventRounds "9"]
[EventCountry "CRO"]
[Source "lmi"]
[SourceDate "2007.09.14"]

1. e4 c5 2. Nf3 Nc6 3. Bb5 e6 4. O-O Nge7 5. Nc3 Qc7 6. d4 cxd4 7. Nxd4 Nxd4 8.
Qxd4 Nc6 9. Bxc6 bxc6 10. Be3 d5 11. exd5 exd5 12. Rae1 Be6 13. f4 f5 14. Na4
Kf7 15. Qc3 Bd6 16. Bc5 Rhe8 17. Qd4 Rab8 18. Bxd6 Qxd6 19. Nc5 Kg8 20. Re5 Bf7
21. Rfe1 Rxe5 22. Rxe5 h6 23. b4 Re8 24. Nd3 a6 25. Rxe8+ Bxe8 26. Qe5 Qxe5 27.
Nxe5 Kf8 28. Kf2 Ke7 29. Ke3 Kd6 30. Nd3 Bf7 31. Kd4 Bh5 32. Ke3 a5 33. c3 axb4
34. cxb4 Bd1 35. Nc5 g5 36. a4 g4 37. Kd2 g3 38. hxg3 Bg4 39. a5 Kc7 40. Kc3
Bd1 41. Kd4 Bc2 42. Ke5 Be4 43. g4 1-0

[Event "17. Europa ch Juvenil - Masculino s18"]
[Site "Sibenik CRO"]
[Date "2007.09.20"]
[Round "7.22"]
[White "Valner, Uku"]
[Black "Golubenko, Valentina"]
[Result "1/2-1/2"]
[WhiteElo "2102"]
[BlackElo "2316"]
[PlyCount "120"]
[EventDate "2007.09.14"]
[EventType "swiss"]
[EventRounds "9"]
[EventCountry "CRO"]
[Source "lmi"]
[SourceDate "2007.09.14"]

1. e4 d5 2. exd5 Nf6 3. d4 Nxd5 4. Nf3 g6 5. c4 Nb6 6. Nc3 Bg7 7. Be3 O-O 8.
Be2 Nc6 9. d5 Na5 10. Bd4 e5 11. Bxb6 axb6 12. Nd2 e4 13. Ndxe4 f5 14. Nd2 Bxc3
15. bxc3 Qf6 16. Rc1 Rd8 17. O-O c6 18. Nb3 Be6 19. Qd4 Qxd4 20. Nxd4 Bf7 21.
Rb1 cxd5 22. cxd5 Rxd5 23. Rxb6 Rc8 24. Bf3 Rd7 25. Rb5 Rxc3 26. Nxf5 Bc4 27.
Rxa5 Bxf1 28. Bd5+ Rxd5 29. Ne7+ Kf7 30. Nxd5 Rc1 31. h3 Bc4+ 32. Kh2 Bxd5 33.
Rxd5 Rc2 34. a4 Rxf2 35. Rd7+ Kf6 36. Rxb7 Ra2 37. Ra7 Kg5 38. a5 h5 39. a6 h4
40. Ra8 Kh6 41. Kg1 Kg7 42. Kf1 Kh7 43. a7 Kg7 44. Ke1 Kh7 45. Kd1 Kg7 46. Kc1
Kh7 47. Kb1 Ra6 48. Kb2 Kg7 49. Kb3 Kh7 50. Kb4 Kg7 51. Kb5 Ra2 52. Kb6 Rb2+
53. Kc5 Ra2 54. Kd6 Ra6+ 55. Ke5 Ra4 56. Ke6 Ra6+ 57. Ke7 Ra2 58. Kd7 Ra1 59.
Kd6 Ra2 60. Kc5 Ra1 1/2-1/2

[Event "17. Europa ch Juvenil - Masculino s18"]
[Site "Sibenik CRO"]
[Date "2007.09.20"]
[Round "7.23"]
[White "Raisanen, Kim"]
[Black "Vocaturo, Daniele"]
[Result "1-0"]
[WhiteElo "2062"]
[BlackElo "2459"]
[PlyCount "95"]
[EventDate "2007.09.14"]
[EventType "swiss"]
[EventRounds "9"]
[EventCountry "CRO"]
[Source "lmi"]
[SourceDate "2007.09.14"]

1. c4 Nf6 2. g3 c5 3. Bg2 e6 4. Nf3 d5 5. cxd5 exd5 6. d4 Nc6 7. O-O Be7 8.
dxc5 Bxc5 9. Bg5 O-O 10. Nc3 d4 11. Bxf6 Qxf6 12. Ne4 Qe7 13. Nxc5 Qxc5 14. Qd2
Rd8 15. Rfd1 h6 16. Qf4 Be6 17. Ne1 Bd5 18. Bxd5 Rxd5 19. Rd2 Qa5 20. Nf3 Rad8
21. Rd3 Qb6 22. Qd2 a5 23. Rd1 a4 24. a3 R8d7 25. Qc2 Qb5 26. R1d2 g5 27. Qd1
Qc5 28. e3 g4 29. exd4 Qc4 30. Ne1 h5 31. Rc3 Qb5 32. Rcd3 R5d6 33. b3 axb3 34.
Rxb3 Qc4 35. Qc2 Qe6 36. Re3 Qf6 37. Re8+ Kg7 38. Qc5 Re7 39. Rxe7 Qxe7 40. Ng2
Qe4 41. Ne3 Ne5 42. dxe5 Rxd2 43. e6 fxe6 44. Qe7+ Kg6 45. Qe8+ Kf6 46. Qf8+
Ke5 47. Qh8+ Kd6 48. Qd8+ 1-0

[Event "17. Europa ch Juvenil - Masculino s18"]
[Site "Sibenik CRO"]
[Date "2007.09.20"]
[Round "7.24"]
[White "Roberson, Peter Thomas"]
[Black "Huerga Leache, Mikel"]
[Result "1/2-1/2"]
[WhiteElo "2209"]
[BlackElo "2370"]
[PlyCount "126"]
[EventDate "2007.09.14"]
[EventType "swiss"]
[EventRounds "9"]
[EventCountry "CRO"]
[Source "lmi"]
[SourceDate "2007.09.14"]

1. e4 e6 2. d4 d5 3. Nd2 h6 4. c3 c5 5. Ngf3 Nc6 6. exd5 exd5 7. Bb5 Qb6 8.
Qe2+ Be6 9. O-O Nf6 10. dxc5 Bxc5 11. Nb3 a6 12. Nxc5 Qxc5 13. Bxc6+ Qxc6 14.
Nd4 Qd7 15. Bf4 O-O 16. Be5 Ne4 17. f3 Nc5 18. Rad1 f6 19. Bg3 Bf7 20. Rfe1
Rfe8 21. Qd2 Bg6 22. Rxe8+ Rxe8 23. Ne2 Nd3 24. Nf4 Nxf4 25. Bxf4 Kh7 26. Be3
Qb5 27. Re1 a5 28. Bf2 Rxe1+ 29. Bxe1 a4 30. a3 Qb3 31. h3 Bc2 32. Qc1 Kg6 33.
Bf2 Kf5 34. Bg3 Bd3 35. Qf4+ Kg6 36. Qd2 Qc2 37. Qxc2 Bxc2 38. Kf2 Bd3 39. Bf4
Kf5 40. Be3 Ke5 41. Bd4+ Kd6 42. h4 Kc6 43. Ke3 Bh7 44. g4 Kb5 45. g5 fxg5 46.
hxg5 Kc4 47. Kd2 Kb3 48. Kc1 h5 49. Bxg7 h4 50. Bd4 h3 51. Bg1 Bg6 52. Bh2 Bh5
53. f4 Bg6 54. Bg1 Bf5 55. Bh2 b6 56. Bg1 Kc4 57. Kd2 b5 58. Bh2 d4 59. cxd4
Kxd4 60. Ke2 Kc4 61. Kf2 Kd3 62. Kg3 Kc2 63. Bg1 Kxb2 1/2-1/2

[Event "17. Europa ch Juvenil - Masculino s18"]
[Site "Sibenik CRO"]
[Date "2007.09.21"]
[Round "8.1"]
[White "Levin, Evgeny"]
[Black "Can, Emre"]
[Result "1/2-1/2"]
[WhiteElo "2421"]
[BlackElo "2411"]
[PlyCount "34"]
[EventDate "2007.09.14"]
[EventType "swiss"]
[EventRounds "9"]
[EventCountry "CRO"]
[Source "lmi"]
[SourceDate "2007.09.14"]

1. d4 Nf6 2. c4 e6 3. Nc3 Bb4 4. e3 O-O 5. Bd3 d5 6. Nf3 c5 7. O-O dxc4 8. Bxc4
Nbd7 9. a3 Ba5 10. Qe2 cxd4 11. exd4 Bxc3 12. bxc3 Qc7 13. Bb2 b6 14. Bd3 Bb7
15. c4 Rfe8 16. Rfe1 Rac8 17. a4 Bxf3 1/2-1/2